US States by Two Borders #1 - Statistics

General Stats
  • This quiz has been taken 21 times
  • The average score is 13 of 15
Answer Stats
Border State Border % Correct
Florida Georgia South Carolina
100%
Indiana Ohio Pennylsvania
100%
Texas Oklahoma Kansas
100%
Minnesota Wisconsin Michigan
100%
Kansas Missouri Kentucky
95%
South Dakota Nebraska Kansas
95%
Washington Oregon California
95%
North Carolina Tennessee Arkansas
95%
Connecticut Massachusetts Rhode Island
90%
Wyoming South Dakota Minnesota
90%
Kentucky Illinois Wisconsin
81%
Delaware Maryland Washington DC
81%
Vermont New Hampshire Maine
81%
Ohio Pennsylvania Delaware
76%
Yukon Alaska British Columbia
67%
No matching quizzes found
Score Distribution
Percent of People with Each Score
Percentile by Number Answered
Your Score History
You have not taken this quiz